City worker quiz - Statistics

General Stats
  • This quiz has been taken 8 times
  • The average score is 18 of 20
Answers on the Map
Answers color-coded by a green-red scale on the quiz's map according to % correct below.
 
Answer Stats
Answer % Correct
Australia
100%
China
100%
Dr congo
100%
Germany
100%
Kazakhstan
100%
Nigeria
100%
Afghanistan
88%
Canada
88%
Egypt
88%
Guinea
88%
Liberia
88%
Mauritania
88%
Mexico
88%
Russia
88%
Tunisia
88%
USA
88%
Uzbekistan
88%
r congo
75%
Rwanda
75%
Burundi
50%
No matching quizzes found
Score Distribution
Percent of People with Each Score
Percentile by Number Answered
Your Score History
You have not taken this quiz